Just annoying : (Record no. 11930)
[ view plain ]
| 000 -LEADER | |
|---|---|
| fixed length control field | 01098cam a22003377a 4500 |
| 001 - CONTROL NUMBER | |
| control field | 13634172 |
| 003 - CONTROL NUMBER IDENTIFIER | |
| control field | OSt |
| 005 - DATE AND TIME OF LATEST TRANSACTION | |
| control field | 20140310182328.0 |
| 008 - FIXED-LENGTH DATA ELEMENTS--GENERAL INFORMATION | |
| fixed length control field | 040623s2003 nyua j 000 0 eng |
| 010 ## - LIBRARY OF CONGRESS CONTROL NUMBER | |
| LC control number | 2004295223 |
| 020 ## - INTERNATIONAL STANDARD BOOK NUMBER | |
| International Standard Book Number | 0439424712 (pbk.) |
| 035 ## - SYSTEM CONTROL NUMBER | |
| System control number | (OCoLC)ocm53448028 |
| 040 ## - CATALOGING SOURCE | |
| Original cataloging agency | OCO |
| Transcribing agency | OCO |
| Modifying agency | DLC |
| 042 ## - AUTHENTICATION CODE | |
| Authentication code | lccopycat |
| 050 00 - LIBRARY OF CONGRESS CALL NUMBER | |
| Classification number | PZ 7 |
| Item number | .G88366 1998 |
| 082 ## - DEWEY DECIMAL CLASSIFICATION NUMBER | |
| Classification number | FIC G87j |
| Item number | 1998 |
| 100 1# - MAIN ENTRY--PERSONAL NAME | |
| Personal name | Griffiths, Andy, |
| Dates associated with a name | 1961- |
| 9 (RLIN) | 20142 |
| 245 10 - TITLE STATEMENT | |
| Title | Just annoying : |
| Statement of responsibility, etc | Andy Griffiths ; with illustrations by Terry Denton. |
| 260 ## - PUBLICATION, DISTRIBUTION, ETC. (IMPRINT) | |
| Place of publication, distribution, etc | New York : |
| Name of publisher, distributor, etc | Scholastic, |
| Date of publication, distribution, etc | 2003. |
| 300 ## - PHYSICAL DESCRIPTION | |
| Extent | 137 p. : |
| Other physical details | ill. ; |
| Dimensions | 20 cm. + |
| Accompanying material | 1 CD-ROM (3 in.) |
| 500 ## - GENERAL NOTE | |
| General note | LC copy lacks CD-ROM. |
| Institution to which field applies | DLC |
| 562 ## - COPY AND VERSION IDENTIFICATION NOTE | |
| Number of copies | 1 |
| 650 #0 - SUBJECT ADDED ENTRY--TOPICAL TERM | |
| Topical term or geographic name as entry element | Humorous stories. |
| 9 (RLIN) | 3831 |
| 650 #0 - SUBJECT ADDED ENTRY--TOPICAL TERM | |
| Topical term or geographic name as entry element | Children's stories. |
| 9 (RLIN) | 3210 |
| 700 1# - ADDED ENTRY--PERSONAL NAME | |
| Personal name | Denton, Terry. |
| 9 (RLIN) | 12858 |
| 856 42 - ELECTRONIC LOCATION AND ACCESS | |
| Materials specified | Publisher description |
| Uniform Resource Identifier | <a href="http://www.loc.gov/catdir/description/schol051/2004295223.html">http://www.loc.gov/catdir/description/schol051/2004295223.html</a> |
| 906 ## - LOCAL DATA ELEMENT F, LDF (RLIN) | |
| a | 7 |
| b | cbc |
| c | copycat |
| d | 2 |
| e | ncip |
| f | 20 |
| g | y-gencatlg |
| 942 ## - ADDED ENTRY ELEMENTS (KOHA) | |
| Source of classification or shelving scheme | Library of Congress Classification |
| Koha item type | |
| Withdrawn status | Lost status | Source of classification or shelving scheme | Damaged status | Home library | Current library | Shelving location | Date acquired | Total Checkouts | Full call number | Barcode | Date last seen | Date checked out | Copy number | Price effective from | Koha item type |
|---|---|---|---|---|---|---|---|---|---|---|---|---|---|---|---|
| Library of Congress Classification | Luxembourg Library | Luxembourg Library | Fiction Section | 09/21/2013 | 2 | PN 6151 .G855 1998 | 18783 | 06/25/2015 | 09/11/2014 | 1 | 09/21/2013 | Books |